• 首页
  • 本馆介绍
  • 公告通知
  • 最新文献
  • 馆藏检索
  • 电子资源
  • 读者导购
  • 参考咨询
  • 我的图书馆
  • 登录
  • 详细信息显示
  • 放入我的书架
  • 预约/预借图书
  • 作者相关作品
  • 分类相关作品
  • 丛书相关作品
  • 出版社相关作品

书目信息

  • 表格格式
  • 工作单格式
  • 卡片格式
题名:
天津近代纺织工业档案选编
    
 
作者: 赖新鹏 主编 ;天津市档案馆 , 天津工业大学 编
分册:  
出版信息: 天津   天津人民出版社  2017
页数: 14,625页
开本: 29cm
丛书名:
单 册:
中图分类: F426.81
科图分类:
主题词: 纺织工业企业--fang zhi gong ye qi ye--档案资料--天津--近代--汇编
电子资源:
ISBN: 978-7-201-12779-8
000 01318nam0 2200265 450
001 2133110280
005 20211025190356.0
010    @a978-7-201-12779-8@b精装@dCNY798.00
100    @a20181129d2017 em y0chiy50 ea
101 0  @achi
102    @aCN@b120000
105    @ay z 000yy
106    @ar
200 1  @a天津近代纺织工业档案选编@Atian jin jin dai fang zhi gong ye dang an xuan bian@f赖新鹏主编,天津市档案馆,天津工业大学编
210    @a天津@c天津人民出版社@d2017
215    @a14,625页@d29cm
314    @a主编:赖新鹏
330    @a本书选编了天津市档案馆藏天津近代纺织工业档案,时间起止为20世纪初到20世纪50年代,包括文字、图表等档案形式,很多材料为首次整理出版。具体介绍了仁立、恒源等近代民营纺织企业,以及中国纺织建设公司天津一、二、三、五厂等著名企业,涉及企业的生产、经营及机构组织。还涉及抗战时期日伪政权对民族纺织企业的控制掠夺、抗战胜利后企业的恢复重建等等。这些珍贵的历史档案,记录了天津纺织工业在近代辉煌的历史,对于现代纺织企业的经营、管理也能有着借鉴的作用。
606 0  @a纺织工业企业@Afang zhi gong ye qi ye@x档案资料@y天津@z近代@j汇编
690    @aF426.81@v5
701  0 @a赖新鹏@Alai xin peng@4主编
712 02 @a天津市档案馆@Atian jin shi dang an guan@4编
712 02 @a天津工业大学@Atian jin gong ye da xue@4编
801  0 @aCN@b百万庄@c20211025
905    @b1312266-67@dF426.81@e207@f2
    
    天津近代纺织工业档案选编/赖新鹏主编,天津市档案馆,天津工业大学编.-天津:天津人民出版社,2017
    14,625页;29cm
    
    
    ISBN 978-7-201-12779-8(精装):CNY798.00
    本书选编了天津市档案馆藏天津近代纺织工业档案,时间起止为20世纪初到20世纪50年代,包括文字、图表等档案形式,很多材料为首次整理出版。具体介绍了仁立、恒源等近代民营纺织企业,以及中国纺织建设公司天津一、二、三、五厂等著名企业,涉及企业的生产、经营及机构组织。还涉及抗战时期日伪政权对民族纺织企业的控制掠夺、抗战胜利后企业的恢复重建等等。这些珍贵的历史档案,记录了天津纺织工业在近代辉煌的历史,对于现代纺织企业的经营、管理也能有着借鉴的作用。
●
相关链接 在E读中查询图书 在五车中查询图书 在当当中查询图书 在豆瓣中查询图书


正题名:天津近代纺织工业档案选编     索取号:F426.81/207         预约/预借

序号 登录号 条形码 馆藏地/架位号 状态 备注
1 1312266   213122663   第一样本阅览室/ [索取号:F426.81/207] 在馆    
2 1312267   213122672   第一借阅区/ [索取号:F426.81/207] 在馆    
唐山师范学院图书馆 欢迎您!
大连网信软件有限公司© 版权所有